00419nam a2200169Ia 450000500170000000800410001702000180005804100120007608200150008810000100010324500380011325000080015126000280015950000080018765000320019570000220022720240823022323.0240823s9999||||xx |||||||||||||| ||und|| a81-7446-494-8 aENGLISH A330.954 P6 aNIILM 0aHow Global is the Indian Economy? a1st c2006bExcel aNew Delhi aYES aEconomybManagement Studies a Ramachandran K S